000 00477nam a2200169Ia 4500
999 _c27692
_d27692
003 OSt
005 20210105125534.0
008 190216s9999||||xx |||||||||||||| ||und||
040 _coclc
082 _a500
_bVEN/A
100 _aVenkadath, Punnan Kurian
_98039
245 0 _aArivinte Vazhi /
_cPunnan Kurian Venkadath
260 _bCurrent Books,
_aKottayam:
_c1997.
300 _a109p
650 _aGeneral
942 _cBK
_2ddc
_h500
_iVEN/A
_k500
_mVEN/A